The Political dimension of economic adjustment /

El documento analiza las contribuciones positivas que se han hecho sobre política económica, abarcando las dimenciones sociales y políticas del Estado. En detalle el documetno analiza la inflación, el desarrollo, programas de ajuste, las organizaciones internacionales, la violencia, la inestabilidad...

Täydet tiedot

Tallennettuna:
Bibliografiset tiedot
Päätekijä: Lafay, Jean-Dominique
Muut tekijät: Lecaillon, Jacques
Aineistotyyppi: Teksti
Julkaistu: Paris: OCDE
Aiheet:
Tagit: Lisää tagi
Ei tageja, Lisää ensimmäinen tagi!

MARC

LEADER 00000 a a2200000 04500
001 4313
003
040
090 |a 115700  
100 |a Lafay, Jean-Dominique  
245 |a The Political dimension of economic adjustment /  |c Jean-Dominique Lafay 
260 |a Paris:   |b OCDE  
300 |a 139 p  
300 |b fonodiscos  
520 |a El documento analiza las contribuciones positivas que se han hecho sobre política económica, abarcando las dimenciones sociales y políticas del Estado. En detalle el documetno analiza la inflación, el desarrollo, programas de ajuste, las organizaciones internacionales, la violencia, la inestabilidad ciudadana, entre otras cosas. HB/hmbq  
650 |a POLITICA ECONOMICA  
650 |a INFLACION  
650 |a ORGANIZACIONES INTERNACIONALES  
700 |a Lecaillon, Jacques  
999 |c 12555  |d 12555